Statistics for All VALORANT agents nationalities (2024)

Click here to take the quiz!

General Stats

  • This quiz has been taken 705 times
    (104 since last reset)
  • The average score is 19 of 22

Answer Stats

HintAnswer% Correct
ChamberFrance
98%
BrimstoneUnited States
95%
GekkoUnited States
95%
ViperUnited States
95%
YoruJapan
94%
CloveScotland
93%
KilljoyGermany
92%
SovaRussia
92%
IsoChina
90%
SageChina
90%
ReynaMexico
89%
JettSouth Korea
89%
PhoenixUnited Kingdom
88%
SkyeAustralia
83%
RazeBrazil
83%
HarborIndia
81%
FadeTurkey
77%
CypherMorocco
76%
BreachSweden
74%
DeadlockNorway
71%
AstraGhana
67%
NeonPhilippines
67%

Score Distribution

Percentile by Number Answered

Percent of People with Each Score

Your Score History

You have not taken this quiz since the last reset